000 00292nam a22001337a 4500
003 SGT
020 _a9781851495986
082 _a294.6
_bAME
100 _aAMES, FRANK
245 _aWOVEN MASTERPIECES OF SIKH HERITAGE
260 _aCHINA
_bACC PUB.
_c2010
300 _a254
942 _2ddc
_cBK
999 _c24655
_d24655